| 000 | 00645nam a22002177a 4500 | ||
|---|---|---|---|
| 003 | OSt | ||
| 005 | 20140310181710.0 | ||
| 008 | 121207t xxu||||| |||| 00| 0 eng d | ||
| 020 | _a9719109319 | ||
| 050 |
_aPN 1995.5 _b.An561 1987 |
||
| 082 |
_aFIL 791.43 _bAn25 1987 |
||
| 100 | _aAndres, Tomas D. | ||
| 245 |
_aHow to enjoy a film intelligently for value education / _cTomas D. Andres. |
||
| 260 |
_aManila : _bOur Lady of Manaoag Publishers, _c c1987. |
||
| 300 |
_a81 p. ; _c21 cm. |
||
| 500 | _aIncludes bibliographical references and index. | ||
| 520 | _a1. Values education | ||
| 562 | _e1 | ||
| 942 |
_2lcc _cBK |
||
| 999 |
_c1528 _d1528 |
||